La France de A à Z - Statistiques

Statistiques générales
  • Ce quiz a été pris 966 fois
  • Le résultat moyen est 16 sur 25
Statistiques - réponses
Indices Réponses % Correct
Sport le plus populaire F Football
97%
Colonie française indépendante en 1962 A Algérie
92%
Nom antique de la France G Gaule
92%
Empereur forcé de s'exiler B Bonaparte
89%
Chaine de montagne servant de frontière entre la France et la Suisse J Jura
89%
Footballeur marseillais qui a la tête dure Z Zidane
89%
Il a allumé le feu H Hallyday
86%
Chanteur et tennisman N Noah
85%
Duo de DJ électronique D Daft Punk
84%
Quelle république s'est terminé par le retour du Général De Gaulle Q Quatrième
81%
Vidéaste à plusieurs millions d'abonnés S Squeezie
78%
Falaise de Normandie E Etretat
70%
Auteur qui a plongé vingt mille lieux sous les mers V Verne
70%
Département duquel sont originaires Dujardin, de Funes ou encore Canet Y Yvelines
69%
Territoire français hors de la métropole O Outre mer
66%
Surnom donné à la capitale P Paname
64%
Collectivité française de l'océan pacifique W Wallis et Futuna
60%
Roi ayant donné Paris comme nom à sa capitale C Clovis
58%
Chef-lieu de l'Indre et Loire T Tours
57%
Perchiste français reconnu mondialement L Lavillenie
53%
L'une des principales plages du débarquement de Normandie U Utah Beach
32%
Peintre connu pour son bleu K Klein
26%
Peintre réputé pour avoir créé le fauvisme M Matisse
18%
Mer se situant tout à l'ouest de la Bretagne I Iroise
17%
Rue dans lequel s'est déroulé un attentat anti-sémite en 1982 R Rue des Rosiers
10%
Aucun quiz correspondant
Distribution des résultats
% des personnes avec chaque résultat
Percentile par nombre de réponses
Votre historique - résultats
Vous n’avez pas pris ce quiz